| 000 | 00757cab a2200205 4500 | ||
|---|---|---|---|
| 001 | ABS23458 | ||
| 008 | 090401t1987 xxu||||| |||| 00| 0 eng d | ||
| 035 | _a(Sirsi) u17129 | ||
| 041 | _aeng | ||
| 100 | _aMoore, M. | ||
| 245 | _aSea Containers : Phase two | ||
| 260 | _c1987 | ||
| 350 | _a0 | ||
| 490 |
_aChartered Quantity Surveyor _v9 (9) April 1987, 20-21 (2) |
||
| 520 | _aBriefly describes the conversion of Sea Containers House on London `s South Bank from an unfinished hotel to offices . Pays particular attention to the role played by PMI, who undertook the project management . | ||
| 650 | _aBUILT ENVIRONMENT-BUILDING MAINTENANCE AND REFURBISHMENT | ||
| 690 | _aBUILDING AND CONSTRUCTION-PROJECTS | ||
| 942 | _n0 | ||
| 948 | _c04/03/1997 | ||
| 999 |
_c11356 _d11356 |
||